000 01016nam2a2200253 4500
001 RU\NLR\BIBL_A\011273879
005 20161121135112.0
035 _a(NLR Aleph) 011273879
090 _a10834006
_c10834006
100 _a20161116d1987 u y0rusy50 ca
101 0 _arus
102 _aRU
105 _ay e 000zy
200 1 _aП - Р
_f[сост.: И.М. Абрамович и др.]
210 _d1987
215 _a750 с.
461 0 _1001RU\NLR\BIBL_A\011273857
_12001#$aСловарь русского языка$eв 4 т.$fАН СССР, Ин-т рус. яз.$vТ. 3
_910833875
_cМосква
_d1985
_e3-е изд., стер.
_fАН СССР, Ин-т рус. яз.
_nРусский язык
_oв 4 т.
_tСловарь русского языка
_vТ. 3
702 1 _aАбрамович
_bИ. М.
_4220
852 _aNLR
_jС К-4/263
942 _cBOOK
980 _aNB